Bienvenue au Catalogue en Ligne des Bibliothèques de l'Universite du Burundi

Des équipes de direction des Instituts Francophones de formation au journalisme et à la communication (Record no. 15173)

000 -GUIDE
Champ de contrôle de longueur fixe 00927nam a22002297a 4500
003 - IDENTITÉ DU NUMÉRO DE CONTRÔLE
Champ de contrôle BI-BuBU
008 - ÉLÉMENTS DE LONGUEUR FIXE - RENSEIGNEMENTS GÉNÉRAUX
Champ de contrôle de longueur fixe 120301s 1987xxc||||fr|||| 001 0 fre d
020 ## - INTERNATIONAL STANDARD BOOK NUMBER
ISBN 2920062069
037 ## - SOURCE D'ACQUISITION
Source d'acquisition et du numéro d'inventaire Fonds Ex-Ecole de Journalisme
039 ## - NIVEAU DE CONTRÔLE BIBLIOGRAPHIQUE ET HISTORIQUE D'ENCODAGE [OBSOLETE]
Date creation 20120301113055.0
Nom catalographe Aline NIYUBAHWE
Date modification 20170607112120.0
Nom catalographe Béatrice Barankeba
040 ## - SOURCE DU CATALOGAGE
Organisme qui a effectué le catalogage original BI-BuBU
Code de la langue utilisée dans le catalogage fre
Organisme qui a effectué la transcription BI-BuBU
Organisme qui a effectué la modification BI-BuBU
041 0# - CODE DE LANGUE
Code de langue du texte/de la piste sonore ou du titre distinct fre
080 ## - INDICE DE LA CLASSIFICATION DÉCIMALE UNIVERSELLE (CDU)
Indice de la Classification décimale universelle 654.022.
245 04 - MENTION DU TITRE
Titre Des équipes de direction des Instituts Francophones de formation au journalisme et à la communication
Mention de responsabilité, etc. Centre d'Etude des sciences et Techniques de l'Information, Université de Dakar (CESTI)
260 ## - PUBLICATION, DIFFUSION, ETC. (ADRESSE BIBLIOGRAPHIQUE)
Lieu de publication, diffusion, etc. Montréal
Nom de l'éditeur, diffuseur, etc. Institut International de la Communication
Date of publication, distribution, etc 1987
300 ## - DESCRIPTION MATÉRIELLE
Collation 135 p.
Autres caractéristiques matérielles ill., couv. ill.
Dimensions 30 cm.
440 #0 - MENTION DE COLLECTION / VEDETTE SECONDAIRE DE TITRE
Titre Rencontre-Atelier
9 (RLIN) 52772
650 #7 - VEDETTE-MATIÈRE - NOM COMMUN
Source du terme BI-BuBU
Vedette de sujet ou vedette comportant un nom géographique Journalisme
9 (RLIN) 52773
Subdivision générale Formation
650 #7 - VEDETTE-MATIÈRE - NOM COMMUN
Source du terme BI-BuBU
Vedette de sujet ou vedette comportant un nom géographique Communication
9 (RLIN) 52774
Subdivision générale Formation
942 ## - ÉLÉMENTS D'ENTRÉE ADDITIONNELLE (KOHA)
Source de la classification ou du système de rangement
Type d item koha BOOK
Holdings
Statut de retrait Statut de perte Source de la classification ou du système de rangement Statut de déterioration Exclu du prêt Numéro d item Koha Localisation permanente Localisation actuelle Date d'acquisition Source d'acquisition Nombre de prêts Cote Code-barres Date last seen Numéro d'exemplaire Prix en vigueur à partir du Type d item koha
          21951 Bibliothèque Centrale | Bibliothèque Centrale Bibliothèque Centrale 01/03/2012 Fonds Ex-Ecole de Journalisme   654.022.EQU. 5010000341633 01/03/2012 1 01/03/2012 BOOK
© 2019-2026 - Bibliothèques de l'Université du Burundi |Tous droits réservés
home | Pour toute information urgente Contactez nous | tel whatsupp: +25779204313